01006nam a2200313 i 45000010005000000030004000050050017000090080039000260150017000650200015000820400014000970410018001110800007001290800008001361000040001442450049001842500012002332600076002453000047003214900028003685040037003965460026004336500022004596500018004816500028004997100041005278560097005688300027006653052BPK20201012114504.0981103s1986 pl a f |001 0 pol aPB 1986/7221 a8320406994 aWA NcBPK0 apolbenghrus a66 a5361 aHobler, Tadeuszd(1899-1975)eAutor10aRuch ciepła i wymienniki /cTadeusz Hobler. aWyd. 6. aWarszawa :bWydawnictwa Naukowo-Techniczne,c1986e(BielBiała :fBZG). a772, [4] s. :bfot., rys., wykr. ;c24 cm.1 aInżynieria Chemiczna. aBibliogr. przy rozdz. - Indeks.  aStreszcz. ang., rozs. 4aWymiennik ciepła 4aTermodynamika 4aTermodynamika chemiczna2 aWydawnictwa Naukowo-Techniczne4pbl. uhttp://koha.tu.koszalin.pl/cgi-bin/koha/opac-detail.pl?biblionumber=3052yKatalog online BPK 0aInżynieria Chemiczna